Microbiology : (Record no. 21788)
[ view plain ]
| 000 -LEADER | |
|---|---|
| fixed length control field | 00872nam a22002535a 4500 |
| 005 - DATE AND TIME OF LATEST TRANSACTION | |
| control field | 20160522112310.0 |
| 008 - FIXED-LENGTH DATA ELEMENTS--GENERAL INFORMATION | |
| fixed length control field | 160522s2014 nyua frb 001 0 eng d |
| 020 ## - INTERNATIONAL STANDARD BOOK NUMBER | |
| International Standard Book Number | 9781259074493 |
| 020 ## - INTERNATIONAL STANDARD BOOK NUMBER | |
| International Standard Book Number | 1259074498 |
| 040 ## - CATALOGING SOURCE | |
| Original cataloging agency | EG-ScBUE |
| Language of cataloging | eng |
| Transcribing agency | EG-ScBUE |
| Modifying agency | EG-ScBUE |
| 082 04 - DEWEY DECIMAL CLASSIFICATION NUMBER | |
| Edition number | 22 |
| Classification number | 616.9041 |
| Item number | GRI |
| 100 1# - MAIN ENTRY--PERSONAL NAME | |
| Personal name | Grisham, Matthew B. |
| 9 (RLIN) | 40042 |
| 245 10 - TITLE STATEMENT | |
| Title | Microbiology : |
| Remainder of title | PreTest self-assessment and review / |
| Statement of responsibility, etc | Matthew B. Grisham ; with contributions by Robert K. Bright ... [et al.] |
| 250 ## - EDITION STATEMENT | |
| Edition statement | 14 ed., International ed. |
| 260 ## - PUBLICATION, DISTRIBUTION, ETC. (IMPRINT) | |
| Place of publication, distribution, etc | New York : |
| Name of publisher, distributor, etc | McGraw Hill Education Medical, |
| Date of publication, distribution, etc | 2014. |
| 300 ## - PHYSICAL DESCRIPTION | |
| Extent | xiii, 462 p. : |
| Other physical details | ill. ; |
| Dimensions | 21 cm. |
| 500 ## - GENERAL NOTE | |
| General note | Index : p. 443-462. |
| 504 ## - BIBLIOGRAPHY, ETC. NOTE | |
| Bibliography, etc | Bibliography : p. 441-442. |
| 650 #7 - SUBJECT ADDED ENTRY--TOPICAL TERM | |
| Source of heading or term | BUEsh |
| 9 (RLIN) | 12324 |
| Topical term or geographic name as entry element | Medical microbiology. |
| 651 ## - SUBJECT ADDED ENTRY--GEOGRAPHIC NAME | |
| Source of heading or term | BUEsh |
| 653 ## - INDEX TERM--UNCONTROLLED | |
| Resource For college | Pharmacy |
| Arrived date list | May2016 |
| 700 1# - ADDED ENTRY--PERSONAL NAME | |
| Personal name | Bright, Robert K., |
| Relator term | contributor. |
| 942 ## - ADDED ENTRY ELEMENTS (KOHA) | |
| Source of classification or shelving scheme | Dewey Decimal Classification |
| Withdrawn status | Item status | Source of classification or shelving scheme | Damaged status | Not for loan | Vendor | Home library | Current library | Shelving location | Date acquired | Source of acquisition | Cost, normal purchase price | Serial Enumeration / chronology | Total Checkouts | Total Renewals | Full call number | Barcode | Date last seen | Date last borrowed | Cost, replacement price | Koha item type |
|---|---|---|---|---|---|---|---|---|---|---|---|---|---|---|---|---|---|---|---|---|
| Dewey Decimal Classification | Alahram | Central Library | Central Library | First floor | 22/05/2016 | Purchase | 161.00 | 4 | 2 | 4 | 616.9041 GRI | 000032550 | 11/10/2025 | 05/04/2025 | 201.25 | Book - Borrowing |